[Event "FRA-chT"]
[White "Canonne, Antoine"]
[Black "Ostermann, P."]
[Site "France"]
[Round "?"]
[Result "1/2-1/2"]
[Date "1991.??.??"]
[WhiteElo "2245"]
[BlackElo "2010"]
[PlyCount "60"]
[EventDate "1991.??.??"]
[EventType "team-tourn"]
[EventRounds "12"]
[EventCountry "FRA"]
[SourceTitle "TD"]
[Source "ChessBase"]
[SourceDate "1994.03.01"]
[SourceVersion "1"]
[SourceVersionDate "1994.03.01"]
[SourceQuality "1"]

1. e4 Nf6 2. Nc3 e5 3. f4 d5 4. fxe5 Nxe4 5. d3 Nxc3 6. bxc3 d4 7. Nf3 Nc6 8. cxd4 Bb4+ 9. Bd2 Bxd2+ 10. Qxd2 Nxd4 11. Be2 Nxf3+ 12. Bxf3 Qd4 13. Rb1 Qxe5+ 14. Qe2 Qxe2+ 15. Kxe2 Rb8 16. Kf2 b6 17. Rhe1+ Be6 18. Bd5 Kd7 19. Bxe6+ fxe6 20. Rb4 Rbf8+ 21. Ke3 Rf5 22. Rd4+ Ke7 23. Re4 Rhf8 24. Re2 Rh5 25. h3 Rf6 26. Kd2 Rhf5 27. Kc3 Rf2 28. Rxe6+ Rxe6 29. Rxf2 Re5 30. Rf4 Ra5 1/2-1/2

[Event "FRA-chT"]
[White "Ladisic, Alex Sacha"]
[Black "Ostermann, P."]
[Site "France"]
[Round "?"]
[Result "1/2-1/2"]
[Date "1991.??.??"]
[WhiteElo "2140"]
[BlackElo "2010"]
[PlyCount "104"]
[EventDate "1991.??.??"]
[EventType "team-tourn"]
[EventRounds "12"]
[EventCountry "FRA"]
[SourceTitle "TD"]
[Source "ChessBase"]
[SourceDate "1994.03.01"]
[SourceVersion "1"]
[SourceVersionDate "1994.03.01"]
[SourceQuality "1"]

1. e4 Nf6 2. e5 Nd5 3. d4 d6 4. Nf3 g6 5. Bc4 Nb6 6. Bb3 Bg7 7. 0-0 0-0 8. a4 dxe5 9. Nxe5 Bxe5 10. dxe5 Qxd1 11. Rxd1 Kg7 12. a5 N6d7 13. Nc3 c6 14. Ra4 Nc5 15. Rh4 h5 16. Bc4 Bf5 17. Be3 Ne6 18. Ne4 Rd8 19. Rxd8 Nxd8 20. Bg5 Kf8 21. Ng3 Bxc2 22. Rd4 Ke8 23. Rd2 Ba4 24. f4 Nd7 25. Ne4 Ne6 26. Bxe6 fxe6 27. Bh4 Bb3 28. Rxd7 Kxd7 29. Nc5+ Kd8 30. Nxb3 b6 31. Be1 Kc7 32. Kf2 Rd8 33. Ke2 Rd5 34. Bc3 c5 35. axb6+ axb6 36. Nd2 b5 37. Nf1 Kc6 38. Ne3 Rd8 39. h3 b4 40. Be1 Kb5 41. b3 Ra8 42. Nc4 Ra2+ 43. Bd2 Ra1 44. Be3 Rb1 45. Nd2 Rc1 46. Bf2 Kc6 47. Ne4 Kd5 48. Nxc5 Rc2+ 49. Kf3 Rc3+ 50. Be3 h4 51. Ke2 Rc2+ 52. Kf3 Rc3 1/2-1/2